000 00490nam a2200181Ia 4500
005 20250508155350.0
008 008 250505s9999 xx 000 0 eng d
037 _aTextual
040 _aFEDL
_beng
_cFEDL
041 _aeng
_2eng
084 _aF, CRA
_qFEDL
100 _aCrane Stephen
245 0 _aRed badge of courage
260 _aNew Delhi, India
_bEurasia Publishing House Pvt.Ltd.
_c1964
300 _axi,149p.
942 _cTEXL
_hF, CRA
999 _c1356311
_d1356311